000 00665pam a2200229 4500
001 1958
005 20181127164306.0
008 851121s1986 nyuaf 000 0ceng
010 _a 85043162
020 _a0446513121
043 _an-us---
100 1 _aBass, Dick.
245 1 0 _aSeven summits /
_cDick Bass & Frank Wells with Rick Ridgeway.
260 _aNew York, NY :
_bWarner Books,
_cc1986.
300 _aix, 336 p., [32] p. of plates :
_bcol. ill. ;
_c24 cm.
600 1 0 _aBass, Dick.
600 1 0 _aWells, Frank.
650 0 _aMountaineering.
650 0 _aMountaineers
_zUnited States
_xBiography.
700 1 _aRidgeway, Rick.
700 1 _aWells, Frank.
999 _c1511
_d1511